| 000 | 00807nas a2200277 4500 | ||
|---|---|---|---|
| 001 | BR0800007 | ||
| 003 | BR-BrBNA | ||
| 005 | 20231205111419.0 | ||
| 007 | ta | ||
| 008 | 230509b bl.|||p| |||| 00| 00por d | ||
| 040 |
_aBR-BrBNA _bpor _cBiblioteca Nacional de Agricultura |
||
| 041 | _a(Pt) | ||
| 072 | _aL70 | ||
| 100 | 1 | _aVicente, W.R.R. | |
| 100 | 1 | _aFerreira, H.I. | |
| 100 | 1 | _aThomassian, A. | |
| 100 | 1 | _aToniollo, G.H. | |
| 245 | 1 | _aUretrostomia perineal em eqüinos em posição quadrupedal | |
| 650 | _aEQUINO | ||
| 650 | _aCIRURGIA | ||
| 650 | _aURETRA | ||
| 650 | _aANESTESIA | ||
| 773 | 0 |
_tVeterinária e Zootecnia - Universidade Estadual Paulista (Brazil) _xISSN 0102-5716 _g(1985), v. 1 p. 45-51 _wBR0800007 |
|
| 909 |
_a202311 _bLúcia _c55 _dLúcia Elande |
||
| 942 |
_2AGRIS _n0 _cANA |
||
| 999 |
_c192588 _d192588 |
||